[Event "Copenhagen Obro New Year op"]
[Site "Copenhagen"]
[Date "2022.12.27"]
[Round "1"]
[White "Jorgensen, Alexander Torp"]
[Black "Kistrup, Nicolai"]
[Result "0-1"]
[WhiteElo "1835"]
[BlackElo "2290"]
[PlyCount "78"]
[EventDate "2022.12.27"]
[EventType "swiss"]
[EventRounds "7"]
[EventCountry "DEN"]
[SourceTitle "CBM 211 Extra"]
[Source "ChessBase"]
[SourceDate "2023.01.31"]
[SourceVersion "1"]
[SourceVersionDate "2023.01.31"]
[SourceQuality "1"]

1. c4 e5 2. Nc3 Nf6 3. Nf3 Nc6 4. e3 Bb4 5. Qc2 0-0 6. Nd5 Re8 7. Ng5 g6 8. Nxf6+ Qxf6 9. h4 Bf8 10. b3 d6 11. Be2 Bg7 12. Bb2 Qe7 13. Bf3 Bf5 14. Ne4 Nb4 15. Qc3 d5 16. cxd5 Nxd5 17. Qa5 Nb4 18. 0-0 Nd3 19. Bc3 c6 20. Ng3 Qxh4 21. Nxf5 gxf5 22. g3 Qh3 23. Bg2 Qh5 24. Qc7 f4 25. exf4 exf4 26. Qxb7 f3 27. Bh1 Bxc3 28. dxc3 Nf4 29. Rfe1 Ne2+ 30. Rxe2 fxe2 31. Re1 Rad8 32. Qxc6 Rd1 33. Qxe8+ Kg7 34. f3 Rxe1+ 35. Kf2 Rxh1 36. Kxe2 Qd5 37. Qc8 Qd1+ 38. Ke3 Re1+ 39. Kf4 Qd6+ 0-1

[Event "Helsingor Xtracon op"]
[Site "Helsingor"]
[Date "2019.07.27"]
[Round "9"]
[White "Sidali, Elias Hulleberg"]
[Black "Jorgensen, Alexander Torp"]
[Result "1-0"]
[WhiteElo "2041"]
[BlackElo "1863"]
[PlyCount "47"]
[EventDate "2019.07.20"]
[EventType "swiss"]
[EventRounds "10"]
[EventCountry "DEN"]
[SourceTitle "CBM 191 Extra"]
[Source "ChessBase"]
[SourceDate "2019.09.30"]
[SourceVersion "1"]
[SourceVersionDate "2019.09.30"]
[SourceQuality "1"]

1. e4 c6 2. d4 d5 3. Nc3 dxe4 4. Nxe4 Bf5 5. Ng3 Bg6 6. Nf3 Nf6 7. h4 Nh5 8. Nxh5 Bxh5 9. Bc4 e6 10. c3 Be7 11. Bf4 Bxh4 12. g3 Bxf3 13. Qxf3 Bg5 14. Qg4 Bf6 15. 0-0-0 b5 16. Bb3 a5 17. Rde1 Ra7 18. Qh5 g6 19. Qc5 Ra6 20. d5 Nd7 21. Qd6 Be7 22. dxe6 Bxd6 23. exf7+ Kf8 24. Bh6# 1-0

[Event "Helsingor Xtracon op"]
[Site "Helsingor"]
[Date "2019.07.25"]
[Round "7"]
[White "Cramling Bellon, Anna"]
[Black "Jorgensen, Alexander Torp"]
[Result "0-1"]
[WhiteElo "2030"]
[BlackElo "1863"]
[PlyCount "166"]
[EventDate "2019.07.20"]
[EventType "swiss"]
[EventRounds "10"]
[EventCountry "DEN"]
[SourceTitle "CBM 191 Extra"]
[Source "ChessBase"]
[SourceDate "2019.09.30"]
[SourceVersion "1"]
[SourceVersionDate "2019.09.30"]
[SourceQuality "1"]

1. d4 Nf6 2. c4 g6 3. Nc3 d5 4. cxd5 Nxd5 5. e4 Nxc3 6. bxc3 Bg7 7. Qa4+ Qd7 8. Qb3 0-0 9. Be3 b6 10. Nf3 Bb7 11. Bd3 Qg4 12. h3 Qd7 13. Rd1 e6 14. 0-0 Nc6 15. Qc2 Rac8 16. Qc1 Na5 17. Bh6 c5 18. d5 c4 19. Bb1 Rfd8 20. Bxg7 Kxg7 21. Ne5 Qc7 22. Ng4 f5 23. exf5 exf5 24. Qh6+ Kh8 25. Ne3 Qe5 26. Rfe1 Qg7 27. Qxg7+ Kxg7 28. f4 Rc5 29. d6 Rc6 30. d7 Rc7 31. Rd4 b5 32. Red1 Bc6 33. g4 fxg4 34. hxg4 Rcxd7 35. Rxd7+ Rxd7 36. Rxd7+ Bxd7 37. Be4 h5 38. gxh5 gxh5 39. Kh2 Bc6 40. Bc2 Nb7 41. a4 a6 42. axb5 axb5 43. Kg3 Nc5 44. Kh4 Nd3 45. Kg5 h4 46. Nf5+ Kf7 47. Nxh4 Nc1 48. Nf5 Ne2 49. Be4 Bd7 50. Bd5+ Kf8 51. Nd6 Nxc3 52. Bxc4 Ne4+ 53. Nxe4 bxc4 54. Kf6 Bc6 55. Nc3 Bf3 56. Ke5 Bg2 57. f5 Kf7 58. f6 Bf1 59. Nb5 Be2 60. Nd6+ Kf8 61. Kd4 Bd3 62. Ke5 c3 63. Nb7 c2 64. Nc5 Bc4 65. Nd7+ Ke8 66. f7+ Kxf7 67. Kd4 c1Q 68. Ne5+ Ke6 69. Nxc4 Qd1+ 70. Kc3 Qc1+ 71. Kd4 Qf4+ 72. Kd3 Kd5 73. Ne3+ Kc5 74. Nc2 Qf5+ 75. Kd2 Qh3 76. Ne3 Kd4 77. Nc2+ Ke4 78. Ne1 Qe3+ 79. Kd1 Qf2 80. Nc2 Kd3 81. Nb4+ Kc4 82. Nc2 Kc3 83. Ne3 Qd2# 0-1

[Event "DEN-ch G7-2"]
[Site "Svendborg"]
[Date "2019.04.21"]
[Round "6"]
[White "Thomsen, Peter"]
[Black "Jorgensen, Alexander Torp"]
[Result "0-1"]
[WhiteElo "1899"]
[BlackElo "1825"]
[PlyCount "114"]
[EventDate "2019.04.16"]
[EventType "swiss"]
[EventRounds "7"]
[EventCountry "DEN"]
[SourceTitle "EXT 2020"]
[Source "ChessBase"]
[SourceDate "2019.10.17"]
[SourceVersion "1"]
[SourceVersionDate "2019.10.17"]
[SourceQuality "1"]

1. d4 Nf6 2. c4 g6 3. Nc3 d5 4. cxd5 Nxd5 5. e4 Nxc3 6. bxc3 Bg7 7. Nf3 0-0 8. Be2 b6 9. 0-0 Bb7 10. Qc2 Nd7 11. Re1 Rc8 12. Bb2 c5 13. Qd3 Nf6 14. Bf1 Bxe4 15. Rxe4 Nxe4 16. Qxe4 c4 17. a4 Re8 18. Ne5 Bxe5 19. Qxe5 Qd7 20. Bc1 a6 21. Bh6 f6 22. Qe4 e5 23. dxe5 Rxe5 24. Bxc4+ Kh8 25. Qf4 Qe7 26. Bxa6 Rxc3 27. Qd2 Rcc5 28. Be3 Rc6 29. Rd1 Kg8 30. Bb5 Rc8 31. Bxb6 Kf8 32. Ba5 Re4 33. g3 g5 34. Kg2 Qb7 35. f3 Re6 36. Bb4+ Kg7 37. Qd7+ Qxd7 38. Rxd7+ Kg6 39. Rd2 Rb8 40. g4 h5 41. gxh5+ Kxh5 42. Rd7 f5 43. Re7 Rxe7 44. Bxe7 Rc8 45. Kg3 Rc3 46. h3 f4+ 47. Kf2 Rc2+ 48. Ke1 Kh4 49. a5 Kxh3 50. Bxg5 Rc5 51. Bf1+ Kg3 52. Bd8 Kxf3 53. Be2+ Kg2 54. a6 f3 55. Bf1+ Kg3 56. a7 Re5+ 57. Kd2 Rd5+ 0-1

[Event "Helsingor Xtracon op"]
[Site "Helsingor"]
[Date "2018.07.22"]
[Round "2"]
[White "Hill, Alistair"]
[Black "Jorgensen, Alexander Torp"]
[Result "1-0"]
[WhiteElo "2192"]
[BlackElo "1803"]
[PlyCount "55"]
[EventDate "2018.07.21"]
[EventType "swiss"]
[EventRounds "10"]
[EventCountry "DEN"]
[SourceTitle "CBM 185 Extra"]
[Source "ChessBase"]
[SourceDate "2018.07.29"]
[SourceVersion "1"]
[SourceVersionDate "2018.07.29"]
[SourceQuality "1"]

1. e4 e5 2. Bc4 Nf6 3. d3 a6 4. Nc3 b5 5. Bb3 Bb4 6. Bg5 d6 7. Nge2 Be6 8. 0-0 c6 9. Ng3 h6 10. Be3 d5 11. Bd2 a5 12. exd5 cxd5 13. a3 Bxc3 14. bxc3 0-0 15. a4 bxa4 16. Bxa4 Bd7 17. Nh5 Bxa4 18. Nxf6+ Qxf6 19. Rxa4 Nd7 20. Qa1 Rfb8 21. Rxa5 Rxa5 22. Qxa5 Rb2 23. Bc1 Rxc2 24. Qxd5 Qe6 25. Qa5 Qc6 26. c4 Nc5 27. Be3 Nxd3 28. Qd8+ 1-0

[Event "Koge Xtracon op"]
[Site "Koge"]
[Date "2014.10.18"]
[Round "9"]
[White "Jorgensen, Alexander Torp"]
[Black "Andersen, Daniel"]
[Result "0-1"]
[WhiteElo "1882"]
[BlackElo "1957"]
[PlyCount "114"]
[EventDate "2014.10.11"]
[EventType "swiss"]
[EventRounds "9"]
[EventCountry "DEN"]
[SourceTitle "EXT 2015"]
[Source "ChessBase"]
[SourceDate "2014.11.20"]
[SourceVersion "1"]
[SourceVersionDate "2014.11.20"]
[SourceQuality "1"]

1. d4 Nf6 2. c4 g6 3. Nc3 d5 4. cxd5 Nxd5 5. e4 Nxc3 6. bxc3 Bg7 7. Bg5 c5 8. Nf3 0-0 9. Rc1 h6 10. Bh4 cxd4 11. Nxd4 g5 12. Bg3 Qa5 13. Qd2 Rd8 14. Rd1 Be6 15. a4 Nc6 16. Nxc6 bxc6 17. Qc2 Qxc3+ 18. Rd2 Qa5 19. Ke2 Bc4+ 20. Ke3 Qc5+ 21. Kf3 g4+ 22. Kxg4 Qg5+ 23. Kf3 Rxd2 24. Qxc4 c5 25. Bf4 Rxf2+ 26. Kxf2 Qxf4+ 27. Ke2 Rd8 28. Qc2 Rd4 29. Qxc5 Rd2+ 30. Ke1 Bd4 31. Qc8+ Kg7 32. Qg4+ Qxg4 33. Kxd2 Qxe4 34. Kd1 Qe3 35. Bb5 Bc3 36. Kc2 Qd2+ 37. Kb3 Qb2+ 38. Kc4 Qb4+ 39. Kd3 Qd4+ 40. Kc2 Bb4 41. Rc1 a5 42. Kb3 Qd5+ 43. Kb2 Qxg2+ 44. Rc2 Qe4 45. Bc6 Qd4+ 46. Kb3 e5 47. Rg2+ Kf6 48. h3 e4 49. Bb5 Ke5 50. Rg4 f5 51. Rg8 Qc3+ 52. Ka2 Qxh3 53. Re8+ Kf4 54. Rd8 h5 55. Rd1 h4 56. Rc1 Qg2+ 57. Kb3 h3 0-1

[Event "Koge Xtracon op"]
[Site "Koge"]
[Date "2014.10.14"]
[Round "5"]
[White "Jorgensen, Alexander Torp"]
[Black "Severinsen, Frank"]
[Result "1-0"]
[WhiteElo "1882"]
[BlackElo "1792"]
[PlyCount "107"]
[EventDate "2014.10.11"]
[EventType "swiss"]
[EventRounds "9"]
[EventCountry "DEN"]
[SourceTitle "EXT 2015"]
[Source "ChessBase"]
[SourceDate "2014.11.20"]
[SourceVersion "1"]
[SourceVersionDate "2014.11.20"]
[SourceQuality "1"]

1. d4 f5 2. c4 Nf6 3. g3 g6 4. Bg2 Bg7 5. Nc3 0-0 6. Nf3 d6 7. 0-0 Qe8 8. Bf4 a5 9. Qc2 Na6 10. a3 c6 11. Rfe1 Kh8 12. Rad1 Bd7 13. e4 fxe4 14. Nxe4 Nxe4 15. Qxe4 e5 16. dxe5 Bf5 17. Qe2 dxe5 18. Bxe5 Nc5 19. Nd4 Bxe5 20. Qxe5+ Qxe5 21. Rxe5 Nd7 22. Re7 Nc5 23. b4 axb4 24. axb4 Nb3 25. Nxb3 Bc2 26. Rdd7 Rfd8 27. Nc5 Ra1+ 28. Bf1 Rxd7 29. Rxd7 b6 30. Ne6 h6 31. f4 Bf5 32. Rd8+ Kh7 33. Nd4 Bd3 34. Nxc6 Bxf1 35. Kf2 Bxc4 36. Ne5 Bb5 37. Rd5 Ba4 38. Rd6 Ra2+ 39. Kg1 Ra1+ 40. Kg2 Ra2+ 41. Kh3 Bb5 42. Nxg6 Bf1+ 43. Kg4 Rxh2 44. Kf5 Rh5+ 45. Kf6 Bh3 46. Rxb6 Rf5+ 47. Ke7 Rd5 48. Ne5 Bf5 49. Kf6 Bc8 50. Rc6 Rd8 51. Rc7+ Kg8 52. Rg7+ Kf8 53. Ng6+ Ke8 54. Re7# 1-0

[Event "Koge Xtracon op"]
[Site "Koge"]
[Date "2014.10.13"]
[Round "4"]
[White "Pedersen, Henrik Dahl"]
[Black "Jorgensen, Alexander Torp"]
[Result "1-0"]
[WhiteElo "2175"]
[BlackElo "1882"]
[PlyCount "99"]
[EventDate "2014.10.11"]
[EventType "swiss"]
[EventRounds "9"]
[EventCountry "DEN"]
[SourceTitle "EXT 2015"]
[Source "ChessBase"]
[SourceDate "2014.11.20"]
[SourceVersion "1"]
[SourceVersionDate "2014.11.20"]
[SourceQuality "1"]

1. d4 Nf6 2. c4 g6 3. Nc3 d5 4. Nf3 Bg7 5. Bg5 e6 6. e3 0-0 7. Qb3 c6 8. Bd3 Re8 9. 0-0 Nbd7 10. e4 dxe4 11. Nxe4 Qc7 12. Rac1 Nxe4 13. Bxe4 e5 14. d5 Nc5 15. Qe3 Nxe4 16. Qxe4 Bf5 17. Qe3 c5 18. Qa3 a5 19. Be3 b6 20. Nd2 e4 21. Rfe1 Be5 22. Nf1 Bd7 23. Bd2 f5 24. Bc3 Bxc3 25. Qxc3 f4 26. Qf6 Rf8 27. Qh4 Rae8 28. Rc3 Re5 29. f3 e3 30. Re2 g5 31. Qe1 h5 32. g3 Bh3 33. Rb3 Rf6 34. Nxe3 fxe3 35. Rbxe3 Rxe3 36. Rxe3 Qf7 37. Re8+ Kg7 38. Re7 Rxf3 39. Rxf7+ Kxf7 40. Qb1 Kf6 41. b3 Ke5 42. a3 Kd6 43. Qg6+ Kc7 44. Qc6+ Kb8 45. Qxb6+ Kc8 46. Qxc5+ Kb8 47. Qb5+ Kc8 48. c5 Rf7 49. c6 Kd8 50. d6 1-0

[Event "Politiken Cup 36th"]
[Site "Helsingor"]
[Date "2014.07.26"]
[Round "7"]
[White "Grebstad, Kjell Borre"]
[Black "Jorgensen, Alexander Torp"]
[Result "1-0"]
[WhiteElo "1994"]
[BlackElo "1762"]
[PlyCount "107"]
[EventDate "2014.07.21"]
[EventType "swiss"]
[EventRounds "10"]
[EventCountry "DEN"]
[SourceTitle "CBM 161 Extra"]
[Source "ChessBase"]
[SourceDate "2014.08.29"]
[SourceVersion "1"]
[SourceVersionDate "2014.08.29"]
[SourceQuality "1"]

1. d4 Nf6 2. c4 g6 3. Nc3 Bg7 4. e4 d6 5. Nf3 0-0 6. g3 c5 7. Bg2 b5 8. e5 dxe5 9. Nxe5 cxd4 10. Bxa8 dxc3 11. Qxd8 Rxd8 12. bxc3 Nh5 13. f4 Nd7 14. 0-0 Nxe5 15. fxe5 Be6 16. Bd5 Bxd5 17. cxd5 Rxd5 18. g4 Bxe5 19. gxh5 Bxc3 20. Rb1 Rxh5 21. Be3 a5 22. Rbd1 f6 23. Rd7 Kf7 24. Bd4 Bxd4+ 25. Rxd4 Rg5+ 26. Kf2 Rc5 27. Rfd1 Rf5+ 28. Kg3 Rg5+ 29. Kh3 Re5 30. R1d2 Ke6 31. Kg3 g5 32. Kg4 Rc5 33. Re2+ Re5 34. Rxe5+ Kxe5 35. Rd7 e6 36. Rb7 f5+ 37. Kxg5 b4 38. Rb5+ Ke4 39. Rxa5 f4 40. Kg4 e5 41. Rb5 h5+ 42. Kh3 f3 43. Rxb4+ Ke3 44. Kg3 e4 45. Rxe4+ Kxe4 46. Kf2 h4 47. h3 Kf4 48. a4 Ke4 49. a5 Kd5 50. Kxf3 Kc5 51. Kg4 Kb5 52. Kxh4 Kxa5 53. Kg5 Kb6 54. Kf6 1-0

[Event "Roskilde 100 years"]
[Site "Roskilde"]
[Date "2008.10.15"]
[Round "6"]
[White "Jorgensen, Alexander Torp"]
[Black "Larsen, Finn"]
[Result "0-1"]
[WhiteElo "1002"]
[BlackElo "1757"]
[PlyCount "46"]
[EventDate "2008.10.11"]
[EventType "swiss"]
[EventRounds "9"]
[EventCountry "DEN"]
[SourceTitle "EXT 2018"]
[Source "ChessBase"]
[SourceDate "2017.10.13"]
[SourceVersion "1"]
[SourceVersionDate "2017.10.13"]
[SourceQuality "1"]

1. e4 e5 2. Nf3 Nf6 3. Bc4 d6 4. Ng5 d5 5. exd5 h6 6. Nf3 Bd6 7. d3 0-0 8. Qe2 Bg4 9. 0-0 Nbd7 10. h3 Bh5 11. Nc3 Re8 12. a3 Nc5 13. Ne4 Nfxe4 14. dxe4 f5 15. Qe3 Nxe4 16. Bd3 Bc5 17. Qe1 Ng3 18. Be3 Bxe3 19. Qxe3 Nxf1 20. Rxf1 e4 21. Bb5 c6 22. dxc6 exf3 23. Qxe8+ Bxe8 0-1